02082njm a2200349Ia 4500001000600000003000900006005001700015008004100032040001300073040001300086041001300099100001100112100001800123100003800141245002100179250001100200260001100211260007900222300001700301300003000318500004100348505045300389650005500842700011500897700010301012700012301115700010101238700009801339700010701437700009601544700009201640A5400IT-RoPAU20220918181117.0131025s9999 xx 000 0 und d aIT-RoPAU cIT-RoPAU aITALIANO aAA.VV. eAutore musica gCodice autore musica SPICS: 12000 aIo sarò con te a1a ed. aALBANO bEP - MUSICALI E DISCOGRAFICHEc1991 [1a Ed.:1991 - Ed. Lingua Orig.: 1991] aMUSICASSETTA c49 minuti (Testo: 0 pag.) aMusica religiosa. Canti vocazionali. aIo sarò con te [(Cori Piera) (5:00)] - Le voci del silenzio [(padre Spiro) (6:00)] - Non temere Mosè [(Cori Piera) (6:00)] - Libera il tuo sì [(Mazzilli Stefano) (5:00)] - Vi ho scelti [(Schermidori Fiorella) (3:00)] - E' il Signore [(Migliarese Mario) (4:00)] - Mi hai sedotto, Signore [(Comi Pierangelo) (6:00)] - Figlio dell'amore [(Mazzilli Stefano) (5:00)] - Sulla tua parola [(Bruno Franco) (5:00)] - Tu ci sei [(Tommasi Sergio) (5:00)] aVOCAZIONALE [CASSETTE]eCodice MATERIA SPICS: 9951 aCori PieradCodice autore testo/musica SPICS: 11298eAutore testo/musicapIo sarò con te - Non temere Mosè aSpiro (Padre)dCodice autore testo/musica SPICS: 35360eAutore testo/musicapLe voci del silenzio aMazzilli StefanodCodice autore testo/musica SPICS: 35357eAutore testo/musicapLibera il tuo sì - Figlio dell'amore aSchermidori FiorelladCodice autore testo/musica SPICS: 11146eAutore testo/musicapVi ho scelti aMigliarese MariodCodice autore testo/musica SPICS: 23927eAutore testo/musicapE' il Signore aComi PierangelodCodice autore testo/musica SPICS: 10834eAutore testo/musicapMi hai sedotto, Signore aBruno FrancodCodice autore testo/musica SPICS: 8739eAutore testo/musicapSulla tua parola aTommasi SergiodCodice autore testo/musica SPICS: 23922eAutore testo/musicapTu ci sei